000 00373nam a2200157Ia 4500
008 100122s9999 xx 000 0 und d
082 _b76389
_a824
100 _aतेंडुलकर प्रिया
245 _aअसंही
250 _a2
260 _c2008
300 _a145
630 _aअसंही
730 _aअसंही
942 _cBOOK
999 _c392982
_d392979